000 00542nam a2200181 i 4500
001 96020
003 ES-MaACL
005 20250825045638.0
007 t|
008 050609s1955 sp ||||1| spa d
100 1 _aMachado, Severino.
_975168
245 1 4 _aLos platillos volantes ante la razón y la ciencia /
_cSeverino Machado.
260 _aMadrid :
_b[s.n.],
_c1955 (
_fEstades, Artes Gráf.)
300 _a143 p., 2 lám. :
_bil. ;
_c20 cm.
650 7 _aOvnis
_2embne
_915781
852 _aES-MaACL
_jC-10462
999 _c96020
_d96020